[Event "S16 a S20"]
[Site "Cambrils"]
[Date "2023.04.02"]
[Round "2.6"]
[White "Pardina Domenech, Victor"]
[Black "Travesset Sagre, Jan"]
[Result "0-1"]
[TimeControl "90'+30\""]
[BlackFideId "24538701"]
[WhiteElo "1919"]
[BlackElo "2207"]

1. e4 {[%clk 01:30:29]} {[%emt 00:00:30]} c6 {[%clk 01:30:57]} {[%emt
00:00:04]} 2. d4 {[%clk 01:30:35]} {[%emt 00:00:23]} d5 {[%clk 01:31:17]}
{[%emt 00:00:10]} 3. e5 {[%clk 01:30:46]} {[%emt 00:00:19]} Bf5 {[%clk
01:31:26]} {[%emt 00:00:20]} 4. h4 {[%clk 01:30:48]} {[%emt 00:00:29]} h5
{[%clk 01:31:52]} {[%emt 00:00:04]} 5. Bd3 {[%clk 01:30:58]} {[%emt 00:00:21]}
Bxd3 {[%clk 01:32:20]} {[%emt 00:00:01]} 6. Qxd3 {[%clk 01:31:18]} {[%emt
00:00:09]} Qa5+ {[%clk 01:32:39]} {[%emt 00:00:11]} 7. b4 {[%clk 01:25:34]}
{[%emt 00:06:15]} Qa6 {[%clk 01:31:30]} {[%emt 00:01:39]} 8. Qf3 {[%clk
01:24:44]} {[%emt 00:01:20]} e6 {[%clk 01:31:25]} {[%emt 00:00:35]} 9. c3
{[%clk 01:24:22]} {[%emt 00:00:52]} Nd7 {[%clk 01:17:21]} {[%emt 00:14:33]} 10.
Ne2 {[%clk 01:21:05]} {[%emt 00:03:46]} Ne7 {[%clk 01:17:01]} {[%emt 00:00:51]}
11. Bg5 {[%clk 01:20:11]} {[%emt 00:01:24]} Nf5 {[%clk 00:55:48]} {[%emt
00:21:42]} 12. O-O {[%clk 01:11:36]} {[%emt 00:09:06]} Be7 {[%clk 00:54:51]}
{[%emt 00:01:27]} 13. Ng3 {[%clk 01:08:22]} {[%emt 00:03:44]} Nxh4 {[%clk
00:55:01]} {[%emt 00:00:20]} 14. Bxh4 {[%clk 01:05:38]} {[%emt 00:03:14]} Bxh4
{[%clk 00:55:30]} 15. Nxh5 {[%clk 01:04:49]} {[%emt 00:01:18]} Rh7 {[%clk
00:38:12]} {[%emt 00:17:49]} 16. Qg4 {[%clk 00:44:14]} {[%emt 00:21:05]} g6
{[%clk 00:36:45]} {[%emt 00:01:56]} 17. Nf4 {[%clk 00:43:36]} {[%emt 00:01:09]}
O-O-O {[%clk 00:36:36]} {[%emt 00:00:39]} 18. Nd2 {[%clk 00:37:58]} {[%emt
00:06:08]} Rdh8 {[%clk 00:31:44]} {[%emt 00:05:21]} 19. Nh3 {[%clk 00:36:03]}
{[%emt 00:02:25]} Qd3 {[%clk 00:30:52]} {[%emt 00:01:21]} 20. Nf3 {[%clk
00:34:44]} {[%emt 00:01:50]} Be7 {[%clk 00:31:21]} 21. Rac1 {[%clk 00:33:03]}
{[%emt 00:02:12]} Qe4 {[%clk 00:14:51]} {[%emt 00:16:59]} 22. Qxe4 {[%clk
00:26:23]} {[%emt 00:07:10]} dxe4 {[%clk 00:15:18]} {[%emt 00:00:04]} 23. Nd2
{[%clk 00:26:06]} {[%emt 00:00:46]} g5 {[%clk 00:15:08]} {[%emt 00:00:40]} 24.
f3 {[%clk 00:24:50]} {[%emt 00:01:46]} exf3 {[%clk 00:15:08]} {[%emt 00:00:30]}
25. Nxf3 {[%clk 00:24:45]} {[%emt 00:00:34]} g4 {[%clk 00:15:36]} {[%emt
00:00:02]} 26. Nfg5 {[%clk 00:24:53]} {[%emt 00:00:22]} Rg7 {[%clk 00:08:55]}
{[%emt 00:07:10]} 27. Rxf7 {[%clk 00:22:40]} {[%emt 00:02:44]} Bxg5 {[%clk
00:09:12]} {[%emt 00:00:13]} 28. Rxg7 {[%clk 00:21:22]} {[%emt 00:01:48]} Bxc1
{[%clk 00:09:19]} {[%emt 00:00:22]} 29. Rxg4 {[%clk 00:21:36]} {[%emt
00:00:16]} Nb6 {[%clk 00:05:26]} {[%emt 00:04:24]} 30. Rg3 {[%clk 00:21:09]}
{[%emt 00:00:57]} Nd5 {[%clk 00:05:05]} {[%emt 00:00:49]} 31. Kf1 {[%clk
00:20:30]} {[%emt 00:01:10]} Bd2 {[%clk 00:02:36]} {[%emt 00:02:58]} 32. Rd3
{[%clk 00:18:49]} {[%emt 00:02:12]} Rf8+ {[%clk 00:02:49]} {[%emt 00:00:17]} 33.
Ke2 {[%clk 00:17:53]} {[%emt 00:01:26]} Bxc3 {[%clk 00:03:17]} {[%emt
00:00:02]} 34. a3 {[%clk 00:17:49]} {[%emt 00:00:34]} Rg8 {[%clk 00:03:00]}
{[%emt 00:00:46]} 35. g3 {[%clk 00:17:34]} {[%emt 00:00:45]} Rg4 {[%clk
00:03:15]} {[%emt 00:00:12]} 36. Nf4 {[%clk 00:17:10]} {[%emt 00:00:56]} Rxf4
{[%clk 00:03:35]} {[%emt 00:00:10]} 37. gxf4 {[%clk 00:17:03]} {[%emt
00:00:38]} Nxf4+ {[%clk 00:03:59]} {[%emt 00:00:06]} 38. Ke3 {[%clk 00:17:27]}
{[%emt 00:00:05]} Nxd3 {[%clk 00:04:21]} {[%emt 00:00:08]} 39. Kxd3 {[%clk
00:17:51]} {[%emt 00:00:06]} Bb2 {[%clk 00:04:47]} {[%emt 00:00:05]} 40. a4
{[%clk 00:18:16]} {[%emt 00:00:06]} a5 {[%clk 00:05:10]} {[%emt 00:00:06]} 41.
bxa5 {[%clk 00:17:54]} {[%emt 00:00:53]} Kb8 {[%clk 00:05:35]} {[%emt
00:00:05]} 42. Kc4 {[%clk 00:17:51]} {[%emt 00:00:33]} Ka7 {[%clk 00:05:59]}
{[%emt 00:00:05]} 43. Kc5 {[%clk 00:17:50]} {[%emt 00:00:31]} Ba3+ {[%clk
00:06:23]} {[%emt 00:00:06]} 44. Kc4 {[%clk 00:18:11]} {[%emt 00:00:09]} Ka6
{[%clk 00:06:49]} {[%emt 00:00:04]} 0-1

[Event "S16 a S20"]
[Site "Cambrils"]
[Date "2023.04.02"]
[Round "2.7"]
[White "Lozano Casasayas, Marc"]
[Black "Valle Luis, Leo"]
[Result "1/2-1/2"]
[TimeControl "90'+30\""]
[BlackFideId "54577187"]
[WhiteElo "1909"]
[BlackElo "2377"]

1. e4 {[%clk 01:30:57]} {[%emt 00:00:03]} c6 {[%clk 01:30:49]} {[%emt
00:00:12]} 2. Nf3 {[%clk 01:31:21]} {[%emt 00:00:05]} d5 {[%clk 01:31:14]}
{[%emt 00:00:05]} 3. Nc3 {[%clk 01:31:48]} {[%emt 00:00:04]} Bg4 {[%clk
01:31:39]} {[%emt 00:00:05]} 4. h3 {[%clk 01:32:14]} {[%emt 00:00:04]} Bxf3
{[%clk 01:32:05]} {[%emt 00:00:04]} 5. Qxf3 {[%clk 01:32:38]} {[%emt 00:00:06]}
e6 {[%clk 01:32:31]} {[%emt 00:00:03]} 6. d3 {[%clk 01:32:53]} {[%emt
00:00:15]} g6 {[%clk 01:32:55]} {[%emt 00:00:07]} 7. h4 {[%clk 01:29:34]}
{[%emt 00:03:48]} Bg7 {[%clk 01:32:46]} {[%emt 00:00:39]} 8. h5 {[%clk
01:29:14]} {[%emt 00:00:50]} d4 {[%emt 00:06:28]} 9. hxg6 {[%clk 01:28:31]}
{[%emt 00:00:26]} hxg6 {[%clk 01:27:53]} {[%emt 00:00:13]} 10. Rxh8 {[%clk
01:28:54]} {[%emt 00:00:07]} Bxh8 {[%clk 01:28:19]} {[%emt 00:00:04]} 11. Ne2
{[%clk 01:28:24]} {[%emt 00:01:00]} c5 {[%clk 01:28:41]} {[%emt 00:00:08]} 12.
Qh3 {[%clk 01:26:13]} {[%emt 00:02:40]} Bg7 {[%clk 01:27:31]} {[%emt 00:01:40]}
13. Qh7 {[%clk 01:24:49]} {[%emt 00:01:55]} Kf8 {[%clk 01:27:51]} {[%emt
00:00:11]} 14. f4 {[%clk 01:22:26]} {[%emt 00:02:52]} Nc6 {[%clk 01:22:01]}
{[%emt 00:06:20]} 15. Bd2 {[%clk 01:19:24]} {[%emt 00:03:32]} Nb4 {[%clk
01:10:45]} {[%emt 00:11:45]} 16. Kd1 {[%clk 00:47:40]} {[%emt 00:32:14]} a5
{[%emt 00:07:44]} 17. a3 {[%clk 00:42:49]} {[%emt 00:05:19]} Nc6 {[%clk
01:03:33]} {[%emt 00:00:30]} 18. f5 {[%clk 00:41:10]} {[%emt 00:02:09]} exf5
{[%clk 00:57:43]} {[%emt 00:06:20]} 19. exf5 {[%clk 00:40:06]} {[%emt
00:01:34]} Qf6 {[%clk 00:53:45]} {[%emt 00:04:28]} 20. g4 {[%clk 00:32:38]}
{[%emt 00:07:58]} Ne5 {[%clk 00:53:56]} {[%emt 00:00:19]} 21. Qh3 {[%clk
00:32:39]} {[%emt 00:00:28]} Qb6 {[%clk 00:53:13]} {[%emt 00:01:14]} 22. b3
{[%clk 00:28:30]} {[%emt 00:04:40]} gxf5 {[%clk 00:47:46]} {[%emt 00:05:57]} 23.
gxf5 {[%clk 00:28:28]} {[%emt 00:00:32]} Bh6 {[%clk 00:48:06]} {[%emt
00:00:10]} 24. Nf4 {[%clk 00:27:26]} {[%emt 00:01:32]} Bxf4 {[%clk 00:37:48]}
{[%emt 00:10:49]} 25. Bxf4 {[%clk 00:27:39]} {[%emt 00:00:17]} Qf6 {[%clk
00:37:22]} {[%emt 00:00:55]} 26. Qg3 {[%clk 00:26:56]} {[%emt 00:01:13]} Re8
{[%clk 00:37:22]} {[%emt 00:00:30]} 27. Kd2 {[%clk 00:26:47]} {[%emt 00:00:39]}
Qg7 {[%clk 00:35:41]} {[%emt 00:02:10]} 28. Qf2 {[%clk 00:24:05]} {[%emt
00:03:12]} Nf6 {[%clk 00:30:15]} {[%emt 00:05:56]} 29. Bg2 {[%clk 00:18:55]}
{[%emt 00:05:40]} Nh5 {[%clk 00:20:48]} {[%emt 00:09:58]} 30. Be4 {[%clk
00:16:10]} {[%emt 00:03:16]} Nxf4 {[%clk 00:16:35]} {[%emt 00:04:43]} 31. Qxf4
{[%clk 00:16:31]} {[%emt 00:00:09]} f6 {[%clk 00:16:01]} {[%emt 00:01:04]} 32.
Rh1 {[%clk 00:15:28]} {[%emt 00:01:33]} Re7 {[%clk 00:13:40]} {[%emt 00:02:52]}
33. Rh6 {[%clk 00:11:10]} {[%emt 00:04:47]} Ke8 {[%clk 00:12:47]} {[%emt
00:01:24]} 34. Qh4 {[%clk 00:08:16]} {[%emt 00:03:24]} Qg1 {[%clk 00:09:14]}
{[%emt 00:04:02]} 35. Qf4 {[%clk 00:05:08]} {[%emt 00:03:39]} Nf3+ {[%clk
00:08:52]} {[%emt 00:00:52]} 36. Qxf3 {[%clk 00:04:33]} {[%emt 00:01:06]} Qg5+
{[%clk 00:09:21]} 37. Kd1 {[%clk 00:04:00]} {[%emt 00:01:03]} Qxh6 {[%clk
00:09:46]} {[%emt 00:00:05]} 38. Qg3 {[%clk 00:03:39]} {[%emt 00:00:51]} Re5
{[%clk 00:05:54]} {[%emt 00:04:21]} 39. Qg8+ {[%clk 00:02:41]} {[%emt
00:01:28]} Qf8 {[%clk 00:06:10]} {[%emt 00:00:13]} 40. Qc4 {[%clk 00:03:00]}
{[%emt 00:00:12]} Qd6 {[%clk 00:03:26]} {[%emt 00:03:14]} 41. Qb5+ {[%clk
00:02:47]} {[%emt 00:00:43]} Kf8 {[%clk 00:03:24]} {[%emt 00:00:32]} 42. Qxb7
{[%clk 00:02:44]} {[%emt 00:00:34]} Re7 {[%clk 00:02:53]} {[%emt 00:01:01]} 43.
Qa8+ {[%clk 00:02:41]} {[%emt 00:00:33]} Re8 {[%clk 00:02:26]} {[%emt
00:00:57]} 44. Qxa5 {[%clk 00:03:03]} {[%emt 00:00:09]} Kg8 {[%clk 00:02:08]}
{[%emt 00:00:48]} 45. Qe1 {[%clk 00:01:25]} {[%emt 00:02:08]} Re7 {[%clk
00:01:35]} {[%emt 00:01:03]} 46. Bd5+ {[%clk 00:01:07]} {[%emt 00:00:48]} Kf8
{[%clk 00:01:22]} {[%emt 00:00:43]} 47. Be6 {[%clk 00:01:31]} {[%emt 00:00:06]}
Rh7 {[%clk 00:01:18]} {[%emt 00:00:34]} 48. Qg1 {[%clk 00:01:01]} {[%emt
00:01:00]} Rh8 {[%clk 00:01:39]} {[%emt 00:00:10]} 49. Qg2 {[%clk 00:00:57]}
{[%emt 00:00:34]} Qf4 {[%clk 00:01:13]} {[%emt 00:00:55]} 50. Qa8+ {[%clk
00:01:00]} {[%emt 00:00:27]} Kg7 {[%clk 00:01:38]} {[%emt 00:00:05]} 51. Qb7+
{[%clk 00:01:21]} {[%emt 00:00:09]} Kh6 {[%clk 00:01:51]} {[%emt 00:00:17]} 52.
Qh1+ {[%clk 00:01:00]} {[%emt 00:00:51]} Kg7 {[%clk 00:02:05]} {[%emt
00:00:17]} 53. Qb7+ {[%clk 00:00:59]} {[%emt 00:00:31]} Kh6 {[%clk 00:01:54]}
{[%emt 00:00:41]} 54. Qh1+ {[%clk 00:01:28]} {[%emt 00:00:02]} Kg7 {[%clk
00:01:49]} {[%emt 00:00:34]} 55. Qb7+ {[%clk 00:01:56]} {[%emt 00:00:02]} Kh6
{[%clk 00:02:13]} {[%emt 00:00:06]} 56. Qh1+ {[%clk 00:02:22]} {[%emt
00:00:04]} Kg7 {[%clk 00:02:38]} {[%emt 00:00:05]} 57. Qb7+ {[%clk 00:02:46]}
{[%emt 00:00:06]} Kh6 {[%clk 00:02:40]} {[%emt 00:00:28]} 1/2-1/2

[Event "S16 a S20"]
[Site "Cambrils"]
[Date "2023.04.02"]
[Round "2.8"]
[White "Domene Mulyukov, Alexander"]
[Black "Mangues Rubia, Oriol"]
[Result "1-0"]
[TimeControl "90'+30\""]
[WhiteTitle "FM"]
[WhiteFideId "24589802"]
[WhiteElo "2236"]
[BlackElo "1903"]

1. Nf3 {[%clk 01:30:52]} {[%emt 00:00:06]} Nf6 {[%clk 01:30:54]} {[%emt
00:00:07]} 2. g3 {[%clk 01:31:18]} {[%emt 00:00:05]} d5 {[%clk 01:30:46]}
{[%emt 00:00:37]} 3. Bg2 {[%clk 01:31:42]} {[%emt 00:00:06]} e6 {[%clk
01:29:11]} {[%emt 00:02:05]} 4. O-O {[%clk 01:32:05]} {[%emt 00:00:08]} Be7
{[%clk 01:27:43]} {[%emt 00:01:57]} 5. d3 {[%clk 01:32:28]} {[%emt 00:00:07]}
O-O {[%clk 01:26:20]} {[%emt 00:01:53]} 6. Nbd2 {[%clk 01:32:51]} {[%emt
00:00:07]} c5 {[%clk 01:25:50]} {[%emt 00:01:01]} 7. e4 {[%clk 01:33:10]}
{[%emt 00:00:11]} Nc6 {[%clk 01:25:23]} {[%emt 00:00:56]} 8. e5 {[%clk
01:32:28]} {[%emt 00:01:12]} Nd7 {[%clk 01:25:07]} {[%emt 00:00:45]} 9. Re1
{[%clk 01:32:50]} {[%emt 00:00:08]} Qc7 {[%clk 01:19:07]} {[%emt 00:06:31]} 10.
Qe2 {[%clk 01:33:05]} {[%emt 00:00:15]} b5 {[%clk 01:18:18]} {[%emt 00:01:18]}
11. h4 {[%clk 01:33:06]} {[%emt 00:00:29]} a5 {[%clk 01:11:51]} {[%emt
00:06:57]} 12. Nf1 {[%clk 01:32:55]} {[%emt 00:00:41]} a4 {[%clk 01:11:28]}
{[%emt 00:00:54]} 13. Bf4 {[%clk 01:21:58]} {[%emt 00:11:26]} a3 {[%clk
01:08:01]} {[%emt 00:03:58]} 14. b3 {[%clk 01:22:23]} {[%emt 00:00:05]} Nb6
{[%clk 01:04:58]} {[%emt 00:03:32]} 15. N1h2 {[%clk 01:17:14]} {[%emt
00:05:39]} d4 {[%clk 00:59:37]} {[%emt 00:05:52]} 16. Ng5 {[%clk 01:11:43]}
{[%emt 00:06:00]} h6 {[%clk 00:46:33]} {[%emt 00:13:34]} 17. Qh5 {[%clk
01:07:29]} {[%emt 00:04:44]} hxg5 {[%clk 00:19:42]} {[%emt 00:27:21]} 18. hxg5
{[%clk 01:07:31]} {[%emt 00:00:28]} Bb7 {[%clk 00:14:36]} {[%emt 00:05:36]} 19.
Ng4 {[%clk 01:03:16]} {[%emt 00:04:44]} Qd8 {[%clk 00:15:00]} {[%emt 00:00:07]}
20. Be4 {[%clk 00:58:15]} {[%emt 00:05:31]} g6 {[%clk 00:14:06]} {[%emt
00:01:25]} 21. Qh6 {[%clk 00:58:35]} {[%emt 00:00:09]} Nd7 {[%clk 00:12:39]}
{[%emt 00:01:56]} 22. Kg2 {[%clk 00:55:07]} {[%emt 00:03:58]} 1-0

[Event "S16 a S20"]
[Site "Cambrils"]
[Date "2023.04.02"]
[Round "2.9"]
[White "Serrahima Susany, Ramon"]
[Black "Teply Koutsky, David"]
[Result "1-0"]
[TimeControl "90'+30\""]
[WhiteElo "2183"]
[BlackElo "1901"]

1. e4 {[%clk 01:30:57]} {[%emt 00:00:02]} e6 {[%clk 01:30:56]} {[%emt
00:00:05]} 2. d4 {[%clk 01:31:15]} {[%emt 00:00:12]} d5 {[%clk 01:31:22]}
{[%emt 00:00:04]} 3. Nc3 {[%clk 01:31:06]} {[%emt 00:00:39]} Nf6 {[%clk
01:31:42]} {[%emt 00:00:10]} 4. e5 {[%clk 01:31:19]} {[%emt 00:00:17]} Nfd7
{[%clk 01:32:05]} {[%emt 00:00:06]} 5. f4 {[%clk 01:31:40]} {[%emt 00:00:09]}
c5 {[%clk 01:32:26]} {[%emt 00:00:09]} 6. Nf3 {[%clk 01:32:01]} {[%emt
00:00:09]} Nc6 {[%clk 01:32:51]} {[%emt 00:00:05]} 7. Be3 {[%clk 01:32:16]}
{[%emt 00:00:15]} cxd4 {[%clk 01:32:31]} {[%emt 00:00:50]} 8. Nxd4 {[%clk
01:32:27]} {[%emt 00:00:18]} Qb6 {[%clk 01:32:33]} {[%emt 00:00:29]} 9. Qd2
{[%clk 01:25:09]} {[%emt 00:07:48]} Qxb2 {[%clk 01:22:04]} {[%emt 00:10:59]} 10.
Rb1 {[%clk 01:24:47]} {[%emt 00:00:51]} Qa3 {[%clk 01:22:17]} {[%emt 00:00:17]}
11. Be2 {[%clk 01:03:49]} {[%emt 00:21:29]} a6 {[%clk 01:13:18]} {[%emt
00:09:29]} 12. O-O {[%clk 01:01:59]} {[%emt 00:02:20]} Bb4 {[%clk 01:08:25]}
{[%emt 00:05:23]} 13. Rb3 {[%clk 01:01:37]} {[%emt 00:00:53]} Qa5 {[%clk
01:04:50]} {[%emt 00:04:05]} 14. a3 {[%clk 00:59:52]} {[%emt 00:02:15]} Bc5
{[%clk 00:50:39]} {[%emt 00:14:40]} 15. Kh1 {[%clk 00:57:07]} {[%emt 00:03:14]}
Bxd4 {[%clk 00:43:02]} {[%emt 00:08:09]} 16. Bxd4 {[%clk 00:57:25]} {[%emt
00:00:12]} Nc5 {[%clk 00:43:19]} {[%emt 00:00:13]} 17. Bxc5 {[%clk 00:54:38]}
{[%emt 00:03:17]} Qxc5 {[%clk 00:39:49]} {[%emt 00:04:00]} 18. f5 {[%clk
00:53:19]} {[%emt 00:01:49]} Nd4 {[%clk 00:29:51]} {[%emt 00:10:28]} 19. Rb4
{[%clk 00:49:42]} {[%emt 00:04:07]} Nxf5 {[%clk 00:26:46]} {[%emt 00:03:35]} 20.
Bd3 {[%clk 00:40:49]} {[%emt 00:09:23]} Qe3 {[%clk 00:14:54]} {[%emt 00:12:22]}
21. Qd1 {[%clk 00:38:29]} {[%emt 00:02:51]} Nh6 {[%clk 00:14:07]} {[%emt
00:01:16]} 22. Qh5 {[%clk 00:32:05]} {[%emt 00:06:53]} Ra7 {[%clk 00:10:11]}
{[%emt 00:04:27]} 23. Rbf4 {[%clk 00:31:20]} {[%emt 00:01:14]} b5 {[%clk
00:08:21]} {[%emt 00:02:22]} 24. R4f3 {[%clk 00:31:04]} {[%emt 00:00:46]} Qd4
{[%clk 00:07:24]} {[%emt 00:01:26]} 25. Rg3 {[%clk 00:30:19]} {[%emt 00:01:16]}
Nf5 {[%clk 00:05:20]} {[%emt 00:02:34]} 26. Bxf5 {[%clk 00:29:35]} {[%emt
00:01:13]} exf5 {[%clk 00:05:49]} {[%emt 00:00:02]} 27. Qg5 {[%clk 00:28:14]}
{[%emt 00:01:50]} g6 {[%clk 00:02:59]} {[%emt 00:03:20]} 28. Rd1 {[%clk
00:26:56]} {[%emt 00:01:48]} Qc4 {[%clk 00:00:57]} {[%emt 00:02:32]} 29. Nxd5
{[%clk 00:26:37]} {[%emt 00:00:49]} Rd7 {[%clk 00:00:40]} {[%emt 00:00:47]} 30.
Nf6+ {[%clk 00:26:45]} {[%emt 00:00:21]} Kf8 {[%clk 00:00:53]} {[%emt
00:00:17]} 31. Nxd7+ {[%clk 00:26:52]} {[%emt 00:00:24]} Bxd7 {[%clk 00:01:20]}
{[%emt 00:00:02]} 32. Qf6 {[%clk 00:26:24]} {[%emt 00:00:58]} Kg8 {[%clk
00:01:23]} {[%emt 00:00:27]} 33. Qd8+ {[%clk 00:26:34]} {[%emt 00:00:20]} Be8
{[%clk 00:01:46]} {[%emt 00:00:07]} 34. Qxe8+ {[%clk 00:26:46]} {[%emt
00:00:18]} Kg7 {[%clk 00:02:12]} {[%emt 00:00:03]} 35. Qe7 {[%clk 00:26:51]}
{[%emt 00:00:25]} Rc8 {[%clk 00:02:12]} {[%emt 00:00:31]} 36. Qf6+ {[%clk
00:27:05]} {[%emt 00:00:16]} Kf8 {[%clk 00:02:26]} {[%emt 00:00:15]} 37. Rgd3
{[%clk 00:27:27]} {[%emt 00:00:08]} 1-0